Seminario de control de dopaje y medicina en el atletismo

保存先:
書誌詳細
フォーマット: 図書
言語:スペイン語
出版事項: Santa Fe C.R.D 1993
主題:
タグ: タグ追加
タグなし, このレコードへの初めてのタグを付けませんか!

MARC

LEADER 00000nam a2200000 a 4500
001 UCU1811
003 CL-VaPUC
005 20240820152946.0
008 960412e19930000ag 1 spa d
082 0 4 |a 617.102  |b SEM  |2 21 
245 1 0 |a Seminario de control de dopaje y medicina en el atletismo 
260 |a Santa Fe  |b C.R.D  |c 1993 
300 |a p. v 
583 |a last modification  |c 19960412 00:00:00  |k Rodrigo Vera 
650 0 0 |a Medicina deportiva  |9 307562 
650 0 0 |a Atletismo  |9 307422 
650 0 0 |a Drogas  |9 254877 
650 0 0 |a Congresos  |9 257560 
942 |c BK 
945 |a rleighto  |d 19960412 00:00:00 
546 |a En Español 
518 |p Seminario de control de dopaje y medicina en el atletismo, Santa Fe, Argentina, 4 10 de Mayo de 1993 
999 |c 382564  |d 382562 
952 |0 0  |1 0  |4 0  |6 617_102000000000000_SEM_1993  |7 0  |8 P  |9 504325  |a BIBEDU  |b BIBEDU  |c BIBEDU_PB  |d 2020-01-23  |i 3179354  |o 617.102 SEM 1993  |p 3179354  |r 2024-01-25  |w 2020-01-23  |y BK  |k EFI